| 000 | 00899nam a2200289Ia 4500 | ||
|---|---|---|---|
| 003 | OSt | ||
| 005 | 20220912150805.0 | ||
| 006 | a|||||r|||| 00| 0 | ||
| 007 | ta | ||
| 008 | 220909b |||||||| |||| 00| 0 eng d | ||
| 024 | _a27451 | ||
| 037 | _cTextual | ||
| 040 |
_aCSL _beng _cCSL |
||
| 041 | _aeng | ||
| 082 | _aC51:3p1,N80, M0 | ||
| 100 | _aHochstrasser R Ed. | ||
| 111 | _aInternational conference on picosecond phenomena II (1980 : USA) | ||
| 245 | 0 | _aSecond International conference on picosecond phenomena II: Proceedings | |
| 260 |
_aBerlin _bSpringer-Verlag _c1980 |
||
| 300 |
_axii, 382p. _ccm. |
||
| 490 | _aSpringer series in chemical physics; 14 | ||
| 650 | _aPhysics | ||
| 700 | _a Kaiser W Ed. | ||
| 700 | _a Shank C V Ed. | ||
| 942 |
_hC51:3p1,N80, M0 _cTEXL _2CC |
||
| 999 |
_c55058 _d55058 |
||